Gry - Statystyki

Ogólne statystyki
  • Ten quiz został rozwiązany 117 razy
    97 od ostatniego zresetowania
  • Średni wynik to 7 z 17
Statystyki odpowiedzi
Hint Odpowiedź % Poprawnych
Strata Bramki w 90 min Fifa
91%
Inpostor AmongUs
76%
Smok Endu MineCraft
70%
Pet simulator X Roblox
65%
2077 Cyberpunk 2077
57%
Vac Ban Cs:Go
52%
Skull Trooper Fortnite
48%
Legenda Leon Brawl Stars
41%
Fatallity Mortal Combat
31%
Scinanie Drzew Timberman
30%
Kradniecie samochodów Gta V
29%
Omen Valorant
29%
2 Wierze Clash Royale
13%
Hexagon FallGuys
13%
Drużyny Blue i Red Team Fortress 2
12%
Glizda Slither.io
11%
gdzie jest kopnięcie Stumble Guys
4%
Nie znaleziono quizów pasujących do podanych kryteriów
Rozkład punktacji
Procent ludzi z każdym wynikiem
Percentyl według liczby udzielonych odpowiedzi
Twoja historia wyników
Nie rozwiązałeś tego quizu od ostatniego zresetowania